Alle Städte in NRW nach Buchstabe - E - Statistiken

Allgemein
  • Dieses Quiz wurde 136 mal gespielt
  • Das Durchschnittsergebnis liegt bei 11 aus 21
Antworten auf der Karte
Die Antworten werden auf der Karte rot bzw. grün angezeigt, abhängig davon wie oft sie richtig erraten wurden.
 
Antwortstatistiken
Name % Korrekt
Essen
99%
Euskirchen
86%
Erftstadt
77%
Erkelenz
73%
Erkrath
73%
Ennepetal
70%
Eschweiler
63%
Emsdetten
59%
Erwitte
54%
Engelskirchen
47%
Emmerich am Rhein
45%
Ennigerloh
45%
Espelkamp
45%
Eitorf
44%
Enger
44%
Extertal
42%
Erndtebrück
40%
Elsdorf
38%
Everswinkel
36%
Eslohe (Sauerland)
35%
Ense
34%
Keine übereinstimmenden Quizze gefunden
Verteilung der Resultate
Anzahl Personen mit jedem Resultat
Perzentil nach korrekt beantworteten Fragen
Ihre Resultats-Entwicklung
Sie haben dieses Quiz noch nicht gespielt